000 00570nam a2200205Ia 4500
005 20250923145755.0
008 008 250917s9999 xx 000 0 eng d
037 _aTextual
040 _aDSWL
_beng
_cDSWL
041 _aeng
_2eng
084 _aY:434.2:g, N87
_qDSWL
100 _aGupta, S.P.
_9838803
245 0 _aStructural dimensions of poverty in India
_cby S.P.Gupta
260 _aDelhi
_b Mittal
_c1987
300 _axii,427p.
365 _aINR
_b250.00
925 _g250.00
942 _cTEXL
_hY:434.2:g, N87
999 _c1455510
_d1455510